Oceňování podniku a standardy hodnoty

Uložené v:
Podrobná bibliografia
Hlavný autor: Krabec, Tomáš
Médium: Kniha
Jazyk:Czech
Vydavateľské údaje: Praha GRADA Publishing 2009
Edícia:Prosperita firmy
Predmet:
Tagy: Pridať tag
Žiadne tagy, Buďte prvý, kto otaguje tento záznam!

MARC

LEADER 00000nam$a2200000$$$4500
001 0104086
005 20221019091805.8
020 |a 978-80-247-2865-0 
041 0 |a cze 
044 |a CZ 
245 1 0 |a Oceňování podniku a standardy hodnoty  |c Tomáš Krabec 
264 1 |a Praha  |b GRADA Publishing  |c 2009 
300 |a 261 s. 
490 1 |a Prosperita firmy 
830 0 |a Prosperita firmy 
610 2 0 |a podnik 
610 2 0 |a oceňovanie 
610 2 0 |a štandardizácia 
610 2 0 |a aktíva 
610 2 0 |a hodnota podniku 
610 2 0 |a regulácia 
610 2 0 |a ceny 
610 2 0 |a teórie ekonomické 
610 2 0 |a štandardy ohodnocovacie medzinárodné 
610 2 0 |a Česko 
100 1 |a Krabec, Tomáš